<The> Adaptive changes of the post in Poland to the liberalisation of the unified European postal market

Trendy v rozvoji poľského trhu poštových služieb s ohľadom na predpokladanú liberalizáciu v roku 2009.Očakávanie ekonomickej regulácie trhu zo strany štátu. Základné údaje o súčasnej štruktúre trhu poštových služieb v Poľsku a analýza možných dopadov po zavedení liberalizácie.

Salvato in:
Dettagli Bibliografici
Autore principale: Buko, Jacek
Natura: Capitolo di libro
Lingua:inglese
Soggetti:
Tags: Aggiungi Tag
Nessun Tag, puoi essere il primo ad aggiungerne!!

MARC

LEADER 00000naa$a2200000$$$4500
001 0070572
005 20231121095530.3
041 0 |a eng 
044 |a SK 
245 1 0 |a <The> Adaptive changes of the post in Poland to the liberalisation of the unified European postal market  |c Jacek Buko 
520 |a Trendy v rozvoji poľského trhu poštových služieb s ohľadom na predpokladanú liberalizáciu v roku 2009.Očakávanie ekonomickej regulácie trhu zo strany štátu. Základné údaje o súčasnej štruktúre trhu poštových služieb v Poľsku a analýza možných dopadov po zavedení liberalizácie. 
610 2 0 |a služby poštové 
610 2 0 |a liberalizácia 
610 2 0 |a Poľsko 
610 2 0 |a regulácia trhu 
610 2 0 |a konkurencia 
100 1 |a Buko, Jacek